| 000 | 00366nam a22001457a 4500 | ||
|---|---|---|---|
| 999 |
_c60518 _d60518 |
||
| 005 | 20230810140857.0 | ||
| 008 | 230810s1973 gw ||||| |||| 00| 0 ger d | ||
| 041 | _ager | ||
| 080 | _a738.1 W-18 | ||
| 100 |
_aWalcha, Otto _919659 |
||
| 245 |
_aMeibner Porzellan / _cOtto Walcha. |
||
| 264 |
_aDresden, _c1973. |
||
| 300 |
_a514 p. : _bill.; _c30 cm. |
||
| 942 |
_2udc _cBK |
||